000
00312 a2200145 4500
001
182804
020
_a
040
_c
Magnum
100
_a
Malba Tahan
240
1
0
_a
A sombra do arco-íris - v.3
_l
por
245
1
0
_a
A sombra do arco-íris - v.3
300
_a
749
697
_a
LITERATURA GERAL
942
_c
BK
999
_c
182804
_d
182804